NBA Players from Virginia Tech - Statistics

General Stats
  • This quiz has been taken 43 times
    3 since last reset
  • The average score is 4 of 16
Answer Stats
Position Player Draft Year % Correct
PG Justin Robinson 2019
67%
SG Nickeil Alexander-Walker 2019
67%
PG Sean Pedulla 2025
67%
GF Allan Bristow 1973
33%
SG Bimbo Coles 1990
33%
SG Dell Curry 1986
33%
SG Malcolm Delaney 2011
33%
PF Wayne Robinson 1980
33%
SF Dorian Finney-Smith 2016
0%
G Erick Green 2013
0%
SF Jarell Eddie 2014
0%
FC Jimmy Carruth 1994
0%
GF John Wetzel 1966
0%
SG Paul Long 1967
0%
G Perry Young 1985
0%
G Zabian Dowdell 2007
0%
No matching quizzes found
Score Distribution
Percent of People with Each Score
Percentile by Number Answered
Your Score History
You have not taken this quiz since the last reset